Регионална библиотека "Любен Каравелов" - Русе

Портретная живопись ХVІІ - ХVІІІ вв. (Запис номер 398296)

MARC детайли
000 -Лидер
Контролно поле с фиксирана дължина nkm a22 a 4500
003 - Код на организацията, давaща контролен номер
Контролно поле BLK
005 - Дата и час на последна редакция
Контролно поле 20210212130344.0
008 - Елементи от данни с фиксирана дължина
fixed length control field 210209b bu ||||| |||| 00| 0 bu d
040 ## - Източник на каталожния запис
Идентификатор на билиотеката - собственик на записа BLK
041 ## - Код за език
Код за езика на текст/звукозапис или на отделно заглавие Руски
Код за езика КДБФ Руски
080 ## - УДК
Текстов определител УДК Живопис - Портрети
УДК код - определител по УДК 75.041.5
УДК определител (477)
УДК - код + определител 75.041.5(477)
245 ## - Сведения за заглавието
Заглавие Портретная живопись ХVІІ - ХVІІІ вв.
Редно поле (дума) Платон Белецкий
257 ## - Страна на издаване
Страна на създаване/издаване СССР
260 ## - Област на издателските данни
9 (RLIN) 210588
Място на издаване, разпространение и проч. Ленинград
Име на издателя, разпространителя и проч. Искусство
Година на издаване 1981
Издателство - префикс ISBN 5-
300 ## - Физическа характеристика
Страници 258 с.
Илюстрации и др. с ил.
Размери/Мащаб 29 см
380 ## - Жанр
Жанр Изкуство
650 #0 - Допълнително описание по предмет – тема
9 (RLIN) 305805
Основно описание – тема или топоним Портретна живопис
653 #0 - Ключова дума – ненормативна
9 (RLIN) 440840
Ключова дума портретна живопис
852 ## - Местоположение
Форматна сигнатура Цб ІІ 28762
Фондова буква Основен фонд - ползва се само за читалня
999 ## - СИСТЕМНИ КОНТРОЛНИ НОМЕРА
Koha biblionumber 398296
Koha biblioitemnumber 398296
942 ## - АРТИКУЛИ
Вид на библиотечния материал Графични издания
Скрит в OPAC Не
Периодичен библиозапис Да
944 ## - СЪЗДАВАНЕ И РЕДАКЦИЯ на ЗАПИСА
Създаване/Редакция Създаване
Дата на регистрацията/редакция 2021-02-12
Служител, извършил регистрацията/редакцията И.Р.
999 ## - СИСТЕМНИ КОНТРОЛНИ НОМЕРА
Koha biblioitemnumber 398296
999 ## - СИСТЕМНИ КОНТРОЛНИ НОМЕРА
Koha biblioitemnumber 398296
Наличности
Код за отписване Код за изгубен артикул Източник на класификационната схема Код за повреда Коз за рестрикции Код за отдаване Артикулен № Име на библиотеката - собственик Име на библиотеката, в която се намира в момента Статус (Текущо местоположение) Дата на вписване в системата Местоположение - отдел Цена в лева Инвентарен номер Систематично азбучна сигнатура Баркод Цена в евро Служебен тип на артикула
  Не е изгубен Universal Decimal Classification Не е повреден без рестрикции ползва се в читалня 812253 Регионална библиотека "Любен Каравелов" Русе Регионална библиотека "Любен Каравелов" Русе Основен фонд - ползва се само за читалня 2021-02-16 Основен фонд - ползва се само за читалня 1.10 380615 Цб ІІ 28762 120000380615 0.56 Графични издания
Vip Innovations Ltd, Rousse, Bulgaria 2025